Running the greatest race ; finding ways to conquer life's challenges and getting to the next level of success (Record no. 192344)

MARC details
000 -LEADER
fixed length control field 00357nam a2200097Ia 4500
082 ## - DEWEY DECIMAL CLASSIFICATION NUMBER
Classification number 158.1 NINE
008 - FIXED-LENGTH DATA ELEMENTS--GENERAL INFORMATION
fixed length control field 210817s9999 xx 000 0 und d
100 ## - MAIN ENTRY--PERSONAL NAME
Personal name Ninela, Muzi New Germany, South Africa, 2008
9 (RLIN) 61124
245 #0 - TITLE STATEMENT
Title Running the greatest race ; finding ways to conquer life's challenges and getting to the next level of success
942 ## - ADDED ENTRY ELEMENTS
item type Books
Holdings
Withdrawn status Lost status Damaged status Not for loan Home library Current library Date acquired Cost, normal purchase price Total Checkouts Barcode Date last seen Price effective from item type
        eMbalenhle eMbalenhle 18.08.2021 159.00   33228020263727 18.08.2021 18.08.2021 Books